संघर्षशील बनना/ (Record no. 202976)
[ view plain ]
| 000 -LEADER | |
|---|---|
| fixed length control field | 00820nam a22002057a 4500 |
| 005 - DATE AND TIME OF LATEST TRANSACTION | |
| control field | 20240517153613.0 |
| 010 ## - LCCN (DPL NO) | |
| LC control number | HIN-127620 |
| 020 ## - INTERNATIONAL STANDARD BOOK NUMBER | |
| International Standard Book Number | 9789394928695 |
| Terms of availability | 1000.00 |
| 035 ## - SYSTEM CONTROL NUMBER | |
| System control number | HN-99966 |
| 037 ## - SOURCE OF ACQUISITION | |
| Source of stock number/acquisition | DBAD |
| 082 ## - DEWEY DECIMAL CLASSIFICATION NUMBER | |
| Classification number | 158.1 |
| Edition number | 1 |
| 100 ## - MAIN ENTRY--PERSONAL NAME | |
| Personal name | श्रीचंदानी, सुरेश कुमार |
| 245 ## - TITLE STATEMENT | |
| Title | संघर्षशील बनना/ |
| Statement of responsibility, etc | सुरेश कुमार श्रीचंदानी |
| 250 ## - EDITION STATEMENT | |
| Edition statement | प्रथम |
| 260 ## - PUBLICATION, DISTRIBUTION, ETC. (IMPRINT) | |
| Place of publication, distribution, etc | अजमेर |
| Name of publisher, distributor, etc | पद्म्कान्ता प्रकाशन |
| Date of publication, distribution, etc | 2021 |
| 270 ## - ADDRESS | |
| Address | 403/16, ठठेरा चौक |
| City | अजमेर |
| Postal code | 305001 |
| 300 ## - PHYSICAL DESCRIPTION | |
| Extent | 106पृ. |
| Dimensions | 22 सेमी.(अजिल्द) |
| 650 ## - SUBJECT ADDED ENTRY--TOPICAL TERM | |
| Topical term or geographic name as entry element | हिन्दी |
| 942 ## - ADDED ENTRY ELEMENTS (KOHA) | |
| Source of classification or shelving scheme | Dewey Decimal Classification |
| Item type | Hindi Books |
| Classification part | 158.1 |
| Call number suffix | श्रीचंद |
| Withdrawn status | Lost status | Not for loan | Collection code | Home library | Current library | Date acquired | Source of acquisition | Cost, normal purchase price | Full call number | Barcode | Copy number | Cost, replacement price | Koha item type |
|---|---|---|---|---|---|---|---|---|---|---|---|---|---|
| Non-fiction | Bawana | Bawana | 17/05/2024 | DBAD | 1000.00 | 158.1 श्रीचंद | HN-99966 | 1 | 1000.00 | Hindi Books |
